000 00329nam a2200145Ia 4500
008 230216s9999 xx 000 0 und d
020 _a9788121909204
082 _bPAN-M
100 _aPANDY
245 0 _aMODERN PRACTICAL BOTONY VOL -2.3
250 _a2ND
260 _aDJ BOOK DELHI
_bS.CHAND
300 _a515
942 _cBK
999 _c41486
_d41486